Art du tailleur (Record no. 182932)
[ view plain ]
| 000 -LEADER | |
|---|---|
| campo de control de longitud fija | 01048nam a2200217 i 4500 |
| 001 - NÚMERO DE CONTROL | |
| campo de control | 182932 |
| 003 - IDENTIFICADOR DE NÚMERO DE CONTROL | |
| campo de control | ES-MaACL |
| 005 - FECHA Y HORA DE LA ÚLTIMA TRANSACCIÓN | |
| campo de control | 20250929063301.0 |
| 008 - DATOS DE LONGITUD FIJA--INFORMACIÓN GENERAL | |
| campo de control de longitud fija | 131217s1769 fr f |||| | fre d |
| 100 1# - ENTRADA PRINCIPAL--NOMBRE DE PERSONA | |
| Nombre de persona | Garsault, François Alexandre Pierre de, |
| Fechas asociadas al nombre | 1691-1778 |
| 9 (RLIN) | 154002 |
| 245 10 - MENCIÓN DEL TÍTULO | |
| Título | Art du tailleur |
| Resto del título | : contenant le tailleur d'habits d'hommes, les culottes de peau, le tailleur de corps de femmes et enfants, la couturière et la marchande de modes / |
| Mención de responsabilidad, etc. | par M. de Garsault. |
| 260 ## - PUBLICACIÓN, DISTRIBUCIÓN, ETC. | |
| Lugar de publicación, distribución, etc. | [Paris] : |
| Nombre del editor, distribuidor, etc. | Imp. de L.F. Delatour, |
| Fecha de publicación, distribución, etc. | 1769. |
| 300 ## - DESCRIPCIÓN FÍSICA | |
| Extensión | 60 p., 16 lám. ; |
| Dimensiones | Fol. (44 cm) |
| 490 1# - MENCIÓN DE SERIE | |
| Mención de serie | Descriptions des arts et métiers faites ou approuvées par Messieurs de l'Académie Royale des Sciences |
| 530 ## - NOTA DISPONIBLE DE FORMULARIO FÍSICO ADICIONAL | |
| Nota de formato físico adicional disponible | Disponible en formato digital. |
| 650 #4 - PUNTO DE ACCESO ADICIONAL DE MATERIA--TÉRMINO DE MATERIA | |
| Término de materia o nombre geográfico como elemento de entrada | Corte y confección- |
| Subdivisión de forma | Obras anteriores a 1800. |
| 9 (RLIN) | 154021 |
| 830 00 - PUNTO DE ACCESO ADICIONAL DE SERIE-TÍTULO UNIFORME | |
| Título uniforme | Descriptions des arts et métiers |
| 9 (RLIN) | 241750 |
| 852 ## - LOCALIZACIÓN | |
| Ubicación | ES-MaACL |
| Número de control de estantería | R-61(5) |
| Encuadernación | Olim: C-10827-70 |
| 856 ## - LOCALIZACIÓN Y ACCESO ELECTRÓNICOS | |
| Identificador Uniforme de Recursos | <a href="http://gallica.bnf.fr/ark:/12148/bpt6k1067622n?rk=42918;4 ">http://gallica.bnf.fr/ark:/12148/bpt6k1067622n?rk=42918;4 </a> |
| Nota pública | BNF-Gallica |
| Estatus retirado | Estado de pérdida | Estado de daño | No para préstamo | Colección | Biblioteca de origen | Biblioteca actual | Ubicación en estantería | Fecha de adquisición | Fuente de adquisición | Total de préstamos | Signatura topográfica completa | Código de barras | Visto por última vez | Precio de reemplazo | Tipo de ítem Koha |
|---|---|---|---|---|---|---|---|---|---|---|---|---|---|---|---|
| Colección digital | Biblioteca del Ateneo de Madrid | Biblioteca del Ateneo de Madrid | Depósito | 17/12/2013 | R-61(5) | 1192261 | 23/02/2023 | 23/02/2023 | Libro impreso antiguo |
